Marketing and entrepreneurship in SMEs : an innovative approach / (Record no. 1515)

000 -LEADER
fixed length control field 00910cam a2200265 a 4500
001 - CONTROL NUMBER
control field 2071051
003 - CONTROL NUMBER IDENTIFIER
control field OSt
005 - DATE AND TIME OF LATEST TRANSACTION
control field 20150311110218.0
008 - FIXED-LENGTH DATA ELEMENTS--GENERAL INFORMATION
fixed length control field 941107s1995 enka b 001 0 eng
010 ## - LIBRARY OF CONGRESS CONTROL NUMBER
LC control number 94043999
020 ## - INTERNATIONAL STANDARD BOOK NUMBER
International Standard Book Number 0131509705
040 ## - CATALOGING SOURCE
Original cataloging agency DLC
Transcribing agency DLC
Modifying agency DLC
050 00 - LIBRARY OF CONGRESS CALL NUMBER
Classification number HF5415.13.M3447 1995
082 00 - DEWEY DECIMAL CLASSIFICATION NUMBER
Classification number 658.8
Edition number 20
245 00 - TITLE STATEMENT
Title Marketing and entrepreneurship in SMEs : an innovative approach /
Statement of responsibility, etc David Carson ... [et al.].
260 ## - PUBLICATION, DISTRIBUTION, ETC. (IMPRINT)
Place of publication, distribution, etc London ;
-- New York :
Name of publisher, distributor, etc Prentice Hall,
Date of publication, distribution, etc c1995.
300 ## - PHYSICAL DESCRIPTION
Extent xvi, 296 p. :
Other physical details ill. ;
Dimensions 24 cm.
504 ## - BIBLIOGRAPHY, ETC. NOTE
Bibliography, etc Includes bibliographical references and index.
650 #0 - SUBJECT ADDED ENTRY--TOPICAL TERM
Topical term or geographic name as entry element Marketing
General subdivision Management.
650 #0 - SUBJECT ADDED ENTRY--TOPICAL TERM
Topical term or geographic name as entry element Small business
General subdivision Management.
700 1# - ADDED ENTRY--PERSONAL NAME
Personal name Carson, David,
Dates associated with a name 1947-
906 ## - LOCAL DATA ELEMENT F, LDF (RLIN)
a 7
b cbc
c orignew
d 1
e ocip
f 19
g y-gencatlg
942 ## - ADDED ENTRY ELEMENTS (KOHA)
Source of classification or shelving scheme
Koha item type Book
Holdings
Withdrawn status Lost status Source of classification or shelving scheme Damaged status Not for loan Home library Current library Shelving location Date acquired Total Checkouts Total Renewals Full call number Barcode Date last seen Date checked out Copy number Price effective from Koha item type
          Riara University Library Riara University Library General stack 11/03/2015 1 1 HF5415.13.M3447 1995 5315/15 04/07/2023 23/05/2023 C.1 11/03/2015 Book

Riara University Library,
P.O. Box 49940-00100,
Nairobi, Kenya.